| 000 | 01341nam a2200253 a 4500 | ||
|---|---|---|---|
| 008 | 120416s1972 ||||||||||||||||| || u | ||
| 020 | _a071313254x | ||
| 050 | _aTJ 170 Han | ||
| 100 | _aStephens, Richmond Courtney | ||
| 245 | 1 | 0 | _aMechanics of machines. (2nd ed. ) |
| 246 | _aadvanced theory and examples | ||
| 250 | _a2nd ed. | ||
| 260 |
_aLondon, _bEdward Arnold _c1972 |
||
| 300 | _aviii, 456 p. ill. | ||
| 350 | _a0.00 | ||
| 650 | _aMACHINERY | ||
| 650 | _aMECHANICAL ENGINEERING | ||
| 700 | _aHannah, John | ||
| 995 |
_aMAIN LIBRARY OPEN ACCESS _D0.00 _e733766 _FCBU-MAIN LIBRARY (Kitwe) _H1 _I19.95 _jTJ 170 Han _UAVAILABLE _WJun 6, 2006 _y46123 _ZMain Library Open Access Collection |
||
| 995 |
_aANNEX COLLECTION (Main Library) _D0.00 _e733764 _FCBU-MAIN LIBRARY (Kitwe) _H3 _I19.95 _jTJ 170 Han _M3 _UAVAILABLE _y46081 _ZAnnex Low-Usage Collection |
||
| 995 |
_aMAIN LIBRARY OPEN ACCESS _D0.00 _e733765 _FCBU-MAIN LIBRARY (Kitwe) _H4 _I19.95 _jTJ 170 Han _M4 _UAVAILABLE _WMay 4, 2006 _y45771 _ZMain Library Open Access Collection |
||
| 995 |
_aANNEX COLLECTION (Main Library) _D0.00 _e46125 _FCBU-MAIN LIBRARY (Kitwe) _H5 _I19.95 _jTJ 170 Han _UAVAILABLE _y46125 _ZAnnex Low-Usage Collection |
||
| 995 |
_aMAIN LIBRARY OPEN ACCESS _D0.00 _e733767 _FCBU-MAIN LIBRARY (Kitwe) _H2 _I19.95 _jTJ 170 Han _M2 _UAVAILABLE _y46126 _ZMain Library Open Access Collection |
||
| 999 |
_c82838 _d82838 |
||